00822 2200277 4500001002100000005001700021020001800038035002400056040001200080082001900092084002300111090002300134100002900157245015000186250001100336260002800347300004100375500001100416504003100427650001200458700001400470850001200484990001600496990001600512990001600528YOGYA00000000009959820141017075135.0 a602-258-022-6 0010-101300000000491 aYOPDYOG 2[22]a959.8534 aNUS 959.8534 Hel M aNUS 959.8534 Hel M aHELIUS SJAMSUDDIN, 1938- aMemori pulau SumbawabTentang sejarah, interaksi budaya dan perubahan sosial politik di Pulau SumbawacHelius Sjamsuddin ; penyunting, M. Nursam. aCet. 1 aYogyakartabOmbakc2013 axi, 184 hlm.bilus.c21 cm. (3 eks.) aIndeks aBibliografi : hlm. 173-176 aSumbawa aNursam M. aYOPDYOG a0652/B.2013 a0653/B.2013 a0654/B.2013